European DJs - Sudden Death - Statistics

General Stats
  • This quiz has been taken 92 times
  • The average score is 8 of 20
Answers on the Grid
Answers color-coded by a green-red scale on the quiz's grid according to % correct below.
Tiësto
Carl Cox
David Guetta
Armin van Buuren
deadmau5
Skrillex
Calvin Harris
Eric Prydz
Avicii
Paul van Dyk
Martin Garrix
Steve Aoki
Peggy Gou
Charlotte de Witte
Black Coffee
Diplo
John Digweed
Hardwell
Kaskade
Afrojack
Zedd
Paul Oakenfold
Marshmello
Alesso
Ferry Corsten
Fedde Le Grand
Fatboy Slim
Carl Craig
DJ Shadow
ATB
 
Answer Stats
Answer % Correct
David Guetta
85%
Tiësto
78%
Armin van Buuren
75%
Avicii
73%
Calvin Harris
54%
Martin Garrix
54%
Paul van Dyk
49%
Charlotte de Witte
45%
Carl Cox
40%
Alesso
39%
Eric Prydz
39%
Afrojack
28%
Fedde Le Grand
28%
Hardwell
27%
Zedd
24%
Fatboy Slim
22%
Ferry Corsten
22%
ATB
19%
Paul Oakenfold
19%
John Digweed
13%
No matching quizzes found
Score Distribution
Percent of People with Each Score
Percentile by Number Answered
Your Score History
You have not taken this quiz